000 01530cam a22004574i 4500
003 PE-LiUPU
005 20250731184604.0
008 150616s r 000 0 d
035 _a(Sirsi) a5642
040 _aPE-LiUPU
_bspa
_cPE-LiUPU
_erda
049 _aPRUA
082 0 4 _a945.6409
_bP81
_221
100 1 _aPoupard, Paul,
_eautor.
245 1 3 _aEl Vaticano, Hoy.
264 1 _aBurgos, España :
_bEdiciones Burgos,
_c1967.
300 _a275 páginas ;
_c18 cm.
336 _atext
_2rdacontent
337 _aunmediated
_2rdamedia
338 _avolume
_2rdacarrier
505 0 _aLa ciudad del Vaticano.- El Papa.- La secretaria del estado.- La diplomacia pontificia.- Las congregaciones romanas.- Los tribunales, los oficios y anejos.
526 _aP136
526 _aP135
526 _aP134
526 _aP133
526 _aP144
526 _aP143
526 _aP87
526 _aP35
526 _aP20
526 _aP14
526 _aP10
526 _aP06
650 0 4 _aVATICANO (CIUDAD) - HISTORIA.
910 _ajck
_bjvq
_cjck
942 _2ddc
_cBOOK
949 _a945.6409 P81
_wDEWEY
_c1
_i39414
_lCCODEBUL1
_mBUL
_p00.00
_r0
_sY
_tBOOK
_u19950927
_xTEOLOGIA
_zUNKNOWN
_0COMPRA
_o.STAFF. Colección General
994 _aC0
_bPEPRU
596 _a1
999 _a945.6409 P81
_wDEWEY
_c56693
_i39414
_d56693
_f2021-11-12
_g5
_lCCODEBUL1
_mBUL
_q1
_r0
_sY
_tBOOK
_u2015-6-16
_xTEOLOGIA
_zUNKNOWN
_0COMPRA
_o.STAFF. Colección General
980 _81
_gALBERTO SANCHEZ Responsable de Automatización